5HLuxD.jpg

KING HENRY VIII SENIOR AND PRIMARY SCHOOL LIBRARY OPAC

Suite française / (Record no. 158)

000 -LEADER
fixed length control field 02460cam a2200421 a 4500
001 - CONTROL NUMBER
control field .b13781984
003 - CONTROL NUMBER IDENTIFIER
control field OCoLC
005 - DATE AND TIME OF LATEST TRANSACTION
control field 20190729114014.0
008 - FIXED-LENGTH DATA ELEMENTS--GENERAL INFORMATION
fixed length control field 060726s2004 fr e 000 1 fre d
020 ## - INTERNATIONAL STANDARD BOOK NUMBER
International Standard Book Number 207033676X (pbk.) :
020 ## - INTERNATIONAL STANDARD BOOK NUMBER
International Standard Book Number 9782070336760 (pbk.) :
035 ## - SYSTEM CONTROL NUMBER
System control number (OCoLC)70700423
040 ## - CATALOGING SOURCE
Original cataloging agency WIW
Transcribing agency WIW
Modifying agency CPL
-- LNQ
-- YDXCP
-- BAKER
-- OCL
-- TW-KhWUC
041 0# - LANGUAGE CODE
Language code of text/sound track or separate title fre
042 ## - AUTHENTICATION CODE
Authentication code nbic
043 ## - GEOGRAPHIC AREA CODE
Geographic area code e-fr---
044 ## - COUNTRY OF PUBLISHING/PRODUCING ENTITY CODE
MARC country code fr
082 0# - DEWEY DECIMAL CLASSIFICATION NUMBER
Classification number FIC NEM
090 ## - LOCALLY ASSIGNED LC-TYPE CALL NUMBER (OCLC); LOCAL CALL NUMBER (RLIN)
Classification number (OCLC) (R) ; Classification number, CALL (RLIN) (NR) 843.912
Local cutter number (OCLC) ; Book number/undivided call number, CALL (RLIN) N434Su
100 1# - MAIN ENTRY--PERSONAL NAME
Personal name Némirovsky, Irène,
Dates associated with a name 1903-1942.
Relator term author
245 10 - TITLE STATEMENT
Title Suite française /
Statement of responsibility, etc. Irène Némirovsky ; préface de Myriam Anissimov.
260 ## - PUBLICATION, DISTRIBUTION, ETC.
Place of publication, distribution, etc. Paris :
Name of publisher, distributor, etc. Denoël,
Date of publication, distribution, etc. 2004.
300 ## - PHYSICAL DESCRIPTION
Extent 573 p. ;
Dimensions 18 cm.
440 #0 - SERIES STATEMENT/ADDED ENTRY--TITLE
Title Collection Folio ;
Volume/sequential designation 4346.
504 ## - BIBLIOGRAPHY, ETC. NOTE
Bibliography, etc. note Includes bibliographical references.
520 ## - SUMMARY, ETC.
Summary, etc. Ecrit dans le feu de l'Histoire, Suite française dépeint presque en direct l'exode de juin 1940, qui brassa dans un désordre tragique des familles françaises de toute sorte, des plus huppées aux plus modestes. Avec bonheur, Irène Némirovsky traque les innombrables petites lâchetés et les fragiles élans de solidarité d'une population en déroute. Cocottes larguées par leur amant, grands bourgeois dégoûtés par la populace, blessés abandonnés dans des fermes engorgent les routes de France bombardées au hasard... Peu à peu l'ennemi prend possession d'un pays inerte et apeuré. Comme tant d'autres, le village de Bussy est alors contraint d'accueillir des troupes allemandes. Exacerbées par la présence de l'occupant, les tensions sociales et les frustrations des habitants se réveillent... Roman bouleversant, intimiste, implacable, dévoilant avec une extraordinaire lucidité l'âme de chaque Français pendant l'Occupation, enrichi de notes et de la correspondance d'Irène Némirovsky, Suite française ressuscite d'une plume brillante et intuitive un pan à vif de notre mémoire.
586 ## - AWARDS NOTE
Awards note Prix Renaudot 2004.
630 00 - SUBJECT ADDED ENTRY--UNIFORM TITLE
Uniform title Prix Renaudot
Chronological subdivision 2004.
630 00 - SUBJECT ADDED ENTRY--UNIFORM TITLE
Uniform title Prix Renaudot
Chronological subdivision 2004.
650 #0 - SUBJECT ADDED ENTRY--TOPICAL TERM
Topical term or geographic name entry element World War, 1939-1945
Geographic subdivision France
Form subdivision Fiction.
650 ## - SUBJECT ADDED ENTRY--TOPICAL TERM
Topical term or geographic name entry element Roman français
Chronological subdivision 20e siècle.
650 #0 - SUBJECT ADDED ENTRY--TOPICAL TERM
Topical term or geographic name entry element World War, 1939-1945
Geographic subdivision France
Form subdivision Fiction.
650 ## - SUBJECT ADDED ENTRY--TOPICAL TERM
Topical term or geographic name entry element Roman français
Chronological subdivision 20e siècle.
651 #0 - SUBJECT ADDED ENTRY--GEOGRAPHIC NAME
Geographic name France
General subdivision History
Chronological subdivision German occupation, 1940-1945
Form subdivision Fiction.
651 #0 - SUBJECT ADDED ENTRY--GEOGRAPHIC NAME
Geographic name France
General subdivision History
Chronological subdivision German occupation, 1940-1945
Form subdivision Fiction.
700 1# - ADDED ENTRY--PERSONAL NAME
Personal name Anissimov, Myriam.
Relator term Writer of preface
942 ## - ADDED ENTRY ELEMENTS (KOHA)
Source of classification or shelving scheme
Koha item type Books - Fiction
Holdings
Withdrawn status Lost status Source of classification or shelving scheme Damaged status Not for loan Collection code Permanent Location Current Location Shelving location Date acquired Full call number Barcode Date last seen Price effective from Koha item type
          Fiction KH8 Senior School Library KH8 Senior School Library Fiction 2019-07-29 FIC NEM 3KHSL000101206 2024-07-18 2019-07-29 Books - Fiction

Powered By KH8 IT Dept